[Event "GBR-ch71"]
[Site "Brighton"]
[Date "1984.07.31"]
[Round "2"]
[White "Martin, Andrew D"]
[Black "Mithrakanth, Poorna Sharma"]
[Result "1-0"]
[WhiteElo "2445"]
[BlackElo "2365"]
[PlyCount "61"]
[EventDate "1984.07.30"]
[EventType "swiss"]
[EventRounds "11"]
[EventCountry "GBR"]
[SourceTitle "BritBase"]
[Source "John Saunders"]
[SourceDate "2020.09.07"]
[SourceVersion "1"]
[SourceVersionDate "2020.09.07"]
[SourceQuality "2"]

1. d4 Nf6 2. Nf3 e6 3. e3 b6 4. c4 Bb7 5. Bd3 Ne4 6. O-O Be7 7. Nbd2 f5 8. Qc2
Nxd2 9. Bxd2 Bxf3 10. gxf3 Nc6 11. Kh1 O-O 12. Rg1 Qe8 13. f4 Bf6 14. Bc3 Ne7
15. Rad1 Qh5 16. Be2 Qh4 17. Bf3 Rad8 18. Rg3 g6 19. b4 c6 20. Qa4 Nc8 21. c5
b5 22. Qa6 Bg7 23. a4 bxa4 24. Qxa4 Ne7 25. b5 cxb5 26. Qxa7 Nc6 27. Qb7 b4 28.
Bb2 Na5 29. Qa6 Nb3 30. Qa2 Nxc5 31. dxc5 1-0

[Event "GBR-ch71"]
[Site "Brighton"]
[Date "1984.07.31"]
[Round "2"]
[White "Murshed, Niaz"]
[Black "Granat, Russell"]
[Result "1-0"]
[WhiteElo "2405"]
[BlackElo "2265"]
[PlyCount "99"]
[EventDate "1984.07.30"]
[EventType "swiss"]
[EventRounds "11"]
[EventCountry "GBR"]
[SourceTitle "BritBase"]
[Source "John Saunders"]
[SourceDate "2020.09.07"]
[SourceVersion "1"]
[SourceVersionDate "2020.09.07"]
[SourceQuality "2"]

1. d4 d5 2. c4 Bf5 3. Nc3 e6 4. Nf3 c6 5. Bf4 Nf6 6. e3 Ne4 7. Bd3 Nd7 8. O-O
Be7 9. Bxe4 Bxe4 10. Nxe4 dxe4 11. Nd2 f5 12. Qb3 Qb6 13. Qc2 c5 14. Nb3 O-O
15. dxc5 Nxc5 16. Nxc5 Qxc5 17. b4 Qc6 18. Be5 Rac8 19. Rac1 Bxb4 20. Qb2 Qc5
21. Bxg7 Ba3 22. Bxf8 Bxb2 23. Bxc5 Bxc1 24. Bxa7 Rxc4 25. Rd1 Bd2 26. Kf1 Rc2
27. a4 e5 28. Bb8 f4 29. Bxe5 f3 30. gxf3 exf3 31. Rb1 Bb4 32. h3 Rc4 33. Kg1
Kf7 34. Kh2 Ke6 35. Bf4 Kf5 36. Rd1 Ke4 37. Kg3 Bc5 38. Rd8 Rxa4 39. Re8+ Kd5
40. Kxf3 b5 41. e4+ Kc6 42. Rc8+ Kb6 43. Be3 Bxe3 44. Kxe3 Ra3+ 45. Kf4 b4 46.
e5 Ra7 47. Rb8+ Kc5 48. Ke4 Ra4 49. Kf5 Ra3 50. Kf6 {etc - ambiguous score} 1-0

[Event "GBR-ch71"]
[Site "Brighton"]
[Date "1984.07.31"]
[Round "2"]
[White "Needham, Teresa"]
[Black "Gallagher, Joseph G"]
[Result "0-1"]
[WhiteElo "2075"]
[BlackElo "2295"]
[PlyCount "154"]
[EventDate "1984.07.30"]
[EventType "swiss"]
[EventRounds "11"]
[EventCountry "GBR"]
[SourceTitle "BritBase"]
[Source "John Saunders"]
[SourceDate "2020.09.07"]
[SourceVersion "1"]
[SourceVersionDate "2020.09.07"]
[SourceQuality "2"]

1. e4 c5 2. Nf3 d6 3. d4 cxd4 4. Nxd4 Nf6 5. Nc3 a6 6. Be2 e5 7. Nb3 Be7 8. O-O
Be6 9. f4 Qc7 10. a4 Nbd7 11. Be3 O-O 12. a5 b5 13. axb6 Nxb6 14. Nd2 d5 15.
fxe5 Nxe4 16. Ncxe4 dxe4 17. Nxe4 Nc4 18. Bxc4 Bxc4 19. Re1 Qxe5 20. Bd4 Qf5
21. Ng3 Qd7 22. c3 f5 23. Bxg7 Bc5+ 24. Bd4 Bxd4+ 25. Qxd4 Qxd4+ 26. cxd4 Rab8
27. Rac1 f4 28. Nh5 Bd3 29. Re6 Rxb2 30. d5 Bg6 31. Nf6+ Kg7 32. Rc7+ Rf7 33.
Ne8+ Kf8 34. Rc8 Rc2 35. Rxc2 Bxc2 36. Nd6 Rd7 37. Kf2 Bb3 38. Re8+ Kg7 39.
Nf5+ Kf7 40. Rh8 Kf6 41. Rf8+ Ke5 42. g4 fxg3+ 43. Nxg3 Bxd5 44. Ke3 a5 45.
Rf5+ Ke6 46. Kd4 a4 47. Re5+ Kf7 48. Re3 Be6+ 49. Kc5 Rb7 50. Ra3 Bb3 51. Ra1
Kg6 52. Ne2 Kf5 53. h3 Ke5 54. Re1 Ke4 55. Nc1+ Kf3 56. Kd4 Kg2 57. Re3 Rb4+
58. Kc3 Rc4+ 59. Kb2 h5 60. Nd3 Bc2 61. Nc1 Bf5 62. Re5 Rc2+ 63. Ka3 Rxc1 64.
Rxf5 h4 65. Kxa4 Kxh3 66. Kb5 Kg4 67. Rf8 h3 68. Rg8+ Kf3 69. Rf8+ Kg2 70. Rg8+
Kh1 71. Rh8 h2 72. Ra8 Kg2 73. Rg8+ Kf3 74. Rf8+ Ke4 75. Re8+ Kf5 76. Rf8+ Ke6
77. Re8+ Kf7 0-1

[Event "GBR-ch71"]
[Site "Brighton"]
[Date "1984.07.31"]
[Round "2"]
[White "Parameswaran, Tiruchi N"]
[Black "Watson, William N"]
[Result "0-1"]
[WhiteElo "2365"]
[BlackElo "2450"]
[PlyCount "66"]
[EventDate "1984.07.30"]
[EventType "swiss"]
[EventRounds "11"]
[EventCountry "GBR"]
[SourceTitle "BritBase"]
[Source "John Saunders"]
[SourceDate "2020.09.07"]
[SourceVersion "1"]
[SourceVersionDate "2020.09.07"]
[SourceQuality "2"]

1. d4 Nf6 2. c4 g6 3. Nf3 Bg7 4. e3 O-O 5. b3 c5 6. Bb2 Ne4 7. Nbd2 Qa5 8. Bd3
d5 9. O-O Bf5 10. Bxe4 dxe4 11. Nh4 cxd4 12. Nxf5 gxf5 13. exd4 Nc6 14. b4 Qb6
15. Rb1 Nxd4 16. Nb3 e5 17. Nc5 Qc6 18. Qa4 Qg6 19. Kh1 b6 20. Na6 Rac8 21.
Rbc1 Ne2 22. Rc2 Nf4 23. Rg1 Rfd8 24. Qb3 Rd1 25. Qg3 Qh5 26. f3 Rxg1+ 27. Kxg1
Nd3 28. c5 f4 29. Qg4 Qxg4 30. fxg4 e3 31. cxb6 Rxc2 32. b7 Rxb2 33. b8=Q+ Bf8
{time} (33... Bf8 34. h4 Rb1+ 35. Kh2 Nf2 36. g3 f3 $19) 0-1

[Event "GBR-ch71"]
[Site "Brighton"]
[Date "1984.07.31"]
[Round "2"]
[White "Plaskett, H James"]
[Black "Baker, Chris W"]
[Result "1-0"]
[WhiteElo "2470"]
[BlackElo "2235"]
[PlyCount "47"]
[EventDate "1984.07.30"]
[EventType "swiss"]
[EventRounds "11"]
[EventCountry "GBR"]
[SourceTitle "BritBase"]
[Source "John Saunders"]
[SourceDate "2020.09.07"]
[SourceVersion "1"]
[SourceVersionDate "2020.09.07"]
[SourceQuality "2"]

1. Nf3 c5 2. e4 d6 3. Bb5+ Nd7 4. O-O Ngf6 5. Re1 a6 6. Bf1 e6 7. c3 Be7 8. d4
O-O 9. a4 b6 10. e5 Nd5 11. Bd3 cxd4 12. exd6 Bxd6 13. cxd4 Nb4 14. Be4 Ra7 15.
Nc3 h6 16. Bb1 Bb7 17. Ne5 Bxe5 18. dxe5 Qh4 19. Re3 Nc5 20. Rh3 Qc4 21. Bxh6
gxh6 22. Rg3+ Kh8 23. Rg4 Be4 24. Qd2 1-0

[Event "GBR-ch71"]
[Site "Brighton"]
[Date "1984.07.31"]
[Round "2"]
[White "Prettejohn, Michael Hugh"]
[Black "Conquest, Stuart"]
[Result "0-1"]
[WhiteElo "2145"]
[BlackElo "2300"]
[PlyCount "58"]
[EventDate "1984.07.30"]
[EventType "swiss"]
[EventRounds "11"]
[EventCountry "GBR"]
[SourceTitle "BritBase"]
[Source "John Saunders"]
[SourceDate "2020.09.07"]
[SourceVersion "1"]
[SourceVersionDate "2020.09.07"]
[SourceQuality "2"]

1. e4 c5 2. Nf3 d6 3. Bb5+ Nd7 4. d4 Ngf6 5. Nc3 cxd4 6. Qxd4 e5 7. Qd3 h6 8.
Be3 Be7 9. h3 O-O 10. Bc4 Kh8 11. g4 b5 12. Bxb5 Bb7 13. Bxd7 Qxd7 14. O-O-O
Rac8 15. Nd2 Rxc3 16. bxc3 d5 17. exd5 Ba3+ 18. Kb1 Bxd5 19. Nb3 Qc6 20. Rhg1
Be4 21. Qd2 Nd5 22. Ka1 Nxc3 23. g5 h5 24. f4 Bb4 25. Qd7 Qa6 26. Nc1 Nxa2 27.
Nxa2 Bc3+ 28. Kb1 Rb8+ 29. Kc1 Qa3# 0-1

[Event "GBR-ch71"]
[Site "Brighton"]
[Date "1984.07.31"]
[Round "2"]
[White "Strauss, David J"]
[Black "Short, Nigel David"]
[Result "1-0"]
[WhiteElo "2425"]
[BlackElo "2510"]
[Annotator "Strauss"]
[PlyCount "81"]
[EventDate "1984.07.30"]
[EventType "swiss"]
[EventRounds "11"]
[EventCountry "GBR"]
[SourceTitle "BritBase"]
[Source "John Saunders"]
[SourceDate "2020.09.07"]
[SourceVersion "1"]
[SourceVersionDate "2020.09.07"]
[SourceQuality "2"]

1. Nf3 Nf6 2. c4 c5 3. Nc3 e6 4. g3 b6 5. Bg2 Bb7 6. O-O Be7 7. Re1 a6 (7... d5
) 8. e4 d6 9. d4 cxd4 10. Nxd4 Qc7 11. Be3 O-O (11... Qxc4 12. Rc1 $44) 12. Rc1
Nbd7 13. f4 $5 Rfe8 14. Bf2 (14. f5 Bf8) 14... g6 15. e5 (15. g4) 15... dxe5
16. fxe5 Nh5 17. Nd5 $5 exd5 18. cxd5 Bc5 $2 (18... Qb8 19. Nc6 $1 Bxc6 20.
dxc6 Nc5 21. c7 Qc8 (21... Qxc7 $145 22. Bxa8 Rxa8 23. b4 Bg5 24. bxc5 Bxc1 25.
cxb6 Qc4 26. Qxc1 $16) 22. Bxa8 Qxa8 23. b4 Ne6 24. Bxb6 $44) (18... Qd8 $1 19.
d6 (19. Nc6 Bxc6 20. dxc6 Nc5 21. c7 Qxd1 $19) 19... Bxg2 20. dxe7 Qxe7 21.
Kxg2 Nxe5 $17) 19. b4 Rxe5 20. bxc5 bxc5 (20... Nxc5 $5) 21. Nc6 Rxe1+ 22. Bxe1
$1 $44 (22. Qxe1 $6 Nhf6 23. Ne7+ Kf8 24. d6 Qxd6 25. Bxb7 Re8 $13) 22... Qd6 {
(Black offered draw)} 23. Qb3 $1 Bc8 (23... Bxc6 24. dxc6 $16) 24. Qe3 Ng7 25.
g4 Bb7 26. Bg3 Qf8 27. Qb3 Bc8 28. Re1 Kh8 29. Qc3 Bb7 30. Qb2 Bc8 31. h3 a5
32. Re7 Ra6 33. Bd6 Qg8 $8 34. Bc7 Qf8 35. d6 f6 36. Qe2 Rxc6 (36... Ra8 37.
Nd8 $18) 37. Bxc6 Ne5 38. Rxe5 fxe5 39. Qxe5 Qf7 40. Bxa5 Qxa2 41. Bc3 1-0

[Event "GBR-ch71"]
[Site "Brighton"]
[Date "1984.07.31"]
[Round "2"]
[White "Thomas, Nicholas A"]
[Black "Vaidya, Arun B"]
[Result "0-1"]
[WhiteElo "2040"]
[BlackElo "2370"]
[PlyCount "132"]
[EventDate "1984.07.30"]
[EventType "swiss"]
[EventRounds "11"]
[EventCountry "GBR"]
[SourceTitle "BritBase"]
[Source "John Saunders"]
[SourceDate "2020.09.07"]
[SourceVersion "1"]
[SourceVersionDate "2020.09.07"]
[SourceQuality "2"]

1. e4 c5 2. Nc3 Nc6 3. f4 e6 4. Nf3 d6 5. Bb5 Nge7 6. d4 cxd4 7. Nxd4 a6 8.
Nxc6 Nxc6 9. Bxc6+ bxc6 10. O-O Be7 11. Qg4 O-O 12. e5 d5 13. Be3 c5 14. Rad1
Qc7 15. Bc1 f5 16. Qh5 Bb7 17. Rf3 Rf7 18. Rg3 Bf8 19. Ne2 Rd8 20. c3 Qa5 21.
a3 Qa4 22. Rgd3 a5 23. Qf3 Ba6 24. R3d2 Bxe2 25. Qxe2 c4 26. Kh1 Rb8 27. Qf1
Bc5 28. Qf3 Qb3 29. h3 Qb6 30. Re2 a4 31. Kh2 Qa7 32. Kh1 Rb3 33. Qf1 Rfb7 34.
Qf3 Rd7 35. Kh2 Qb6 36. g4 Rf7 37. gxf5 Rxf5 38. Rg2 Qb7 39. Qg4 Qf7 40. Kh1
Rb7 41. Kh2 Rh5 42. Rf1 Qf5 43. Qf3 Rf7 44. Rg3 Rh4 45. Rg4 Rh5 46. Qd1 h6 47.
Rg3 Ra7 48. Qf3 Kh7 49. Qg2 Rf7 50. Qe2 Rh4 51. Rff3 Rf8 52. Kg2 Qb1 53. Rf1
Qf5 54. Rg4 Rxh3 55. Kxh3 h5 56. Rh1 Kg8 57. Kg3 hxg4 58. Qxg4 Qd3+ 59. Qf3 Qc2
60. Re1 Qg6+ 61. Kh2 Rf5 62. Qg3 Rh5+ 63. Kg2 Qc2+ 64. Kf3 Qf5 65. Kg2 Rh6 66.
Kf1 Rh3 0-1

[Event "GBR-ch71"]
[Site "Brighton"]
[Date "1984.07.31"]
[Round "2"]
[White "Waddingham, Graham A"]
[Black "Levitt, Jonathan"]
[Result "0-1"]
[WhiteElo "2215"]
[BlackElo "2370"]
[PlyCount "61"]
[EventDate "1984.07.30"]
[EventType "swiss"]
[EventRounds "11"]
[EventCountry "GBR"]
[SourceTitle "BritBase"]
[Source "John Saunders"]
[SourceDate "2020.09.07"]
[SourceVersion "1"]
[SourceVersionDate "2020.09.07"]
[SourceQuality "2"]

1. e4 e6 2. d4 d5 3. exd5 exd5 4. Bd3 Nf6 5. h3 c5 6. dxc5 Bxc5 7. Nf3 O-O 8.
O-O Ne4 9. Nbd2 Bf5 10. Nb3 Bb6 11. Nfd4 Bg6 12. Be3 Nd7 13. Re1 Qf6 14. Qf3
Qe5 15. Bf4 Qe7 16. Bxe4 dxe4 17. Qg3 Rfd8 18. Bd6 Qf6 19. Rad1 Rac8 20. c3 h6
21. Kh1 Re8 22. Rd2 Ne5 23. Bxe5 Rxe5 24. Nc2 Rg5 25. Qh4 Rd8 26. Rxd8+ Qxd8
27. Ne3 Bc7 28. Rd1 Qe7 29. Rd5 f5 30. Nd4 f4 31. Rxg5 0-1

[Event "GBR-ch71"]
[Site "Brighton"]
[Date "1984.07.31"]
[Round "2"]
[White "Yeo, Michael J"]
[Black "Crouch, Colin S"]
[Result "1-0"]
[WhiteElo "2205"]
[BlackElo "2360"]
[PlyCount "131"]
[EventDate "1984.07.30"]
[EventType "swiss"]
[EventRounds "11"]
[EventCountry "GBR"]
[SourceTitle "BritBase"]
[Source "John Saunders"]
[SourceDate "2020.09.07"]
[SourceVersion "1"]
[SourceVersionDate "2020.09.07"]
[SourceQuality "2"]

1. e4 c5 2. Nf3 d6 3. d4 Nf6 4. Nc3 cxd4 5. Nxd4 Nc6 6. Bg5 e6 7. Qd2 Nxd4 8.
Qxd4 Bd7 9. O-O-O Qa5 10. Bd2 a6 11. Be2 Bc6 12. f4 Qc5 13. Qd3 Be7 14. g4 d5
15. e5 Ne4 16. Nxe4 dxe4 17. Qe3 O-O 18. Rhe1 Bd5 19. Qxc5 Bxc5 20. c4 Bc6 21.
Bf1 Rac8 22. Be3 Bb4 23. Re2 a5 24. Rc2 Ba4 25. b3 Ba3+ 26. Kd2 Bc6 27. Bb6 a4
28. Ke3 f6 29. exf6 gxf6 30. Bg2 h5 31. h3 f5 32. gxf5 exf5 33. h4 axb3 34.
axb3 Be7 35. Bh3 Bxh4 36. Rg2+ Kf7 37. Bxf5 Rg8 38. Rdg1 Rxg2 39. Rxg2 Ra8 40.
Bg6+ Ke6 41. Bxh5 Bf6 42. Bg4+ Kf7 43. Bh5+ Ke6 44. Bg4+ Kf7 45. Bd1 Rh8 46. b4
Rh3+ 47. Ke2 Bd7 48. Kf1 Be6 49. Be2 e3 50. Bd3 Bh4 51. Ke2 Bf2 52. Bc5 b5 53.
Bg6+ Kf6 54. Bd4+ Ke7 55. Bc5+ Kd8 56. Bb6+ Kc8 57. c5 Rh4 58. c6 Rxf4 59. Bd3
Rc4 60. Bxe3 Bxe3 61. Bxc4 Bxc4+ 62. Kxe3 Kc7 63. Rg6 Bd5 64. Kd4 Bxc6 65. Kc5
Bd7 66. Rg7 1-0

[Event "GBR-ch71"]
[Site "Brighton"]
[Date "1984.08.01"]
[Round "3"]
[White "Baker, Chris W"]
[Black "Prettejohn, Michael Hugh"]
[Result "1/2-1/2"]
[WhiteElo "2235"]
[BlackElo "2145"]
[PlyCount "87"]
[EventDate "1984.07.30"]
[EventType "swiss"]
[EventRounds "11"]
[EventCountry "GBR"]
[SourceTitle "BritBase"]
[Source "John Saunders"]
[SourceDate "2020.09.07"]
[SourceVersion "1"]
[SourceVersionDate "2020.09.07"]
[SourceQuality "2"]

1. e4 Nc6 2. Nf3 d6 3. d4 Nf6 4. Nc3 Bg4 5. d5 Nb8 6. Be2 g6 7. Nd4 Bxe2 8.
Qxe2 Bg7 9. Qb5+ Nbd7 10. Qxb7 Nc5 11. Qc6+ Nfd7 12. Ndb5 O-O 13. Qxc7 Qxc7 14.
Nxc7 Bxc3+ 15. bxc3 Rac8 16. Nb5 Nxe4 17. Nxa7 Rxc3 18. Nc6 e5 19. Nb4 Nb6 20.
O-O Ra8 21. f4 Rc4 22. Nd3 Rxc2 23. fxe5 Nxd5 24. exd6 Nxd6 25. a4 Ra5 26. Bb2
Rc4 27. Ne5 Rcxa4 28. Rxa4 Rxa4 29. Rd1 Ra5 30. Nd7 Ne4 31. Bd4 f5 32. Rb1 Ra8
33. Rb7 Rc8 34. h4 Rc7 35. Rb8+ Kf7 36. Ne5+ Ke7 37. Rh8 Ndf6 38. Kh2 Rb7 39.
Be3 Ke6 40. Bd4 Rb5 41. Nf3 Ng4+ 42. Kh3 Rb1 43. g3 Rb3 44. Kg2 1/2-1/2

[Event "GBR-ch71"]
[Site "Brighton"]
[Date "1984.08.01"]
[Round "3"]
[White "Clarke, Thomas M"]
[Black "Basman, Michael John"]
[Result "0-1"]
[WhiteElo "2080"]
[BlackElo "2390"]
[PlyCount "58"]
[EventDate "1984.07.30"]
[EventType "swiss"]
[EventRounds "11"]
[EventCountry "GBR"]
[SourceTitle "BritBase"]
[Source "John Saunders"]
[SourceDate "2020.09.07"]
[SourceVersion "1"]
[SourceVersionDate "2020.09.07"]
[SourceQuality "2"]

1. e4 e6 2. d4 a6 3. c4 b5 4. cxb5 axb5 5. Bxb5 Bb7 6. Nc3 Bb4 7. Nf3 Nf6 8.
Bd2 Bxc3 9. bxc3 Nxe4 10. O-O Nxd2 11. Qxd2 Bxf3 12. gxf3 O-O 13. f4 Qh4 14.
Kh1 Qh5 15. Qd3 Rxa2 16. Rxa2 Qd5+ 17. f3 Qxa2 18. Rg1 Qd5 19. Rg5 Qd6 20. Qd2
Nc6 21. Bd3 Ra8 22. Rg1 Ne7 23. Qg2 g6 24. Qd2 c6 25. h4 Qd5 26. Be4 Ra2 27.
Qe1 Qh5 28. Rg5 Qh6 29. f5 Ra1 0-1

[Event "GBR-ch71"]
[Site "Brighton"]
[Date "1984.08.01"]
[Round "3"]
[White "Conquest, Stuart"]
[Black "Plaskett, H James"]
[Result "1-0"]
[WhiteElo "2300"]
[BlackElo "2470"]
[PlyCount "81"]
[EventDate "1984.07.30"]
[EventType "swiss"]
[EventRounds "11"]
[EventCountry "GBR"]
[SourceTitle "BritBase"]
[Source "John Saunders"]
[SourceDate "2020.09.07"]
[SourceVersion "1"]
[SourceVersionDate "2020.09.07"]
[SourceQuality "2"]

1. d4 Nf6 2. c4 e6 3. g3 Bb4+ 4. Nd2 c5 5. a3 Bxd2+ 6. Qxd2 cxd4 7. Nf3 Nc6 8.
Nxd4 Na5 9. c5 O-O 10. b4 Nc4 11. Qc2 d5 12. Bg2 a5 13. Rb1 axb4 14. axb4 b6
15. c6 e5 16. Nf5 b5 17. Ne3 Nb6 18. O-O Qc7 19. f4 d4 20. fxe5 Qxe5 21. Qc5
Qxc5 22. bxc5 Na4 23. Nd1 Bg4 24. Bf3 Bxf3 25. Rxf3 Ne4 26. Rxb5 Rfc8 27. Ra3
Nexc5 28. Nb2 Kf8 29. Bd2 Ke8 30. Nxa4 Rxa4 31. Rxa4 Nxa4 32. Re5+ Kf8 33. Bb4+
Kg8 34. Ra5 Nb6 35. Bc5 Nc4 36. Ra4 Ne5 37. c7 f6 38. Bb6 Nd7 39. Ba5 Kf7 40.
Rxd4 Ke6 41. e4 1-0

[Event "GBR-ch71"]
[Site "Brighton"]
[Date "1984.08.01"]
[Round "3"]
[White "Crouch, Colin S"]
[Black "Carr, Neil L"]
[Result "0-1"]
[WhiteElo "2360"]
[BlackElo "2310"]
[PlyCount "60"]
[EventDate "1984.07.30"]
[EventType "swiss"]
[EventRounds "11"]
[EventCountry "GBR"]
[SourceTitle "BritBase"]
[Source "John Saunders"]
[SourceDate "2020.09.07"]
[SourceVersion "1"]
[SourceVersionDate "2020.09.07"]
[SourceQuality "2"]

1. d4 Nf6 2. c4 g6 3. Nc3 Bg7 4. e4 d6 5. Be2 O-O 6. Bg5 c5 7. d5 h6 8. Be3 e6
9. dxe6 Bxe6 10. h3 Nc6 11. Nf3 Qe7 12. Qd2 Kh7 13. g4 Nd7 14. g5 h5 15. O-O-O
Nde5 16. Nxe5 dxe5 17. Nd5 Bxd5 18. cxd5 Nd4 19. Kb1 Rab8 20. h4 b5 21. Rc1 c4
22. Rhd1 Rbc8 23. f4 Nxe2 24. Qxe2 exf4 25. Bxf4 c3 26. d6 Qe6 27. bxc3 Rc4 28.
Rd3 b4 29. Rd4 Bxd4 30. cxd4 Rxd4 0-1

[Event "GBR-ch71"]
[Site "Brighton"]
[Date "1984.08.01"]
[Round "3"]
[White "Flear, Glenn C"]
[Black "Jackson, Sheila"]
[Result "1-0"]
[WhiteElo "2455"]
[BlackElo "2190"]
[PlyCount "107"]
[EventDate "1984.07.30"]
[EventType "swiss"]
[EventRounds "11"]
[EventCountry "GBR"]
[SourceTitle "BritBase"]
[Source "John Saunders"]
[SourceDate "2020.09.07"]
[SourceVersion "1"]
[SourceVersionDate "2020.09.07"]
[SourceQuality "2"]

1. d4 Nf6 2. c4 e6 3. Nc3 Bb4 4. e3 O-O 5. Bd3 d5 6. Nf3 c5 7. O-O Nc6 8. a3
cxd4 9. exd4 dxc4 10. Bxc4 Bxc3 11. bxc3 Qa5 12. Qe1 b6 13. Bg5 Nd5 14. Bd3 Ba6
15. c4 Qxe1 16. Rfxe1 Nf6 17. Bxf6 gxf6 18. Re4 h6 19. Rg4+ Kh8 20. d5 Rad8 21.
Re1 Na5 22. Re3 exd5 23. cxd5 Bxd3 24. Rxd3 Rfe8 25. Kf1 Nc6 26. Rc4 Ne5 27.
Nxe5 Rxe5 28. Rc7 Kg7 29. d6 a5 30. d7 Kf8 31. Rb7 Re6 32. Rb3 Ke7 33. R3xb6
Rxd7 34. Rxd7+ Kxd7 35. Rb7+ Kc6 36. Rxf7 Kb5 37. Rd7 Ka4 38. Rd3 Rb6 39. Rf3
Re6 40. h4 Rb6 41. g4 Re6 42. Kg2 Kb5 43. Rc3 Re2 44. Kg3 a4 45. f4 Re1 46. g5
Rg1+ 47. Kf2 Rg4 48. gxf6 Rg6 49. Kf3 Rxf6 50. Ke4 Re6+ 51. Kd5 Re1 52. f5 Rf1
53. Ke5 Re1+ 54. Kf4 1-0

[Event "GBR-ch71"]
[Site "Brighton"]
[Date "1984.08.01"]
[Round "3"]
[White "Fuller, Keith"]
[Black "Davies, Nigel Rodney"]
[Result "1/2-1/2"]
[WhiteElo "2175"]
[BlackElo "2340"]
[PlyCount "32"]
[EventDate "1984.07.30"]
[EventType "swiss"]
[EventRounds "11"]
[EventCountry "GBR"]
[SourceTitle "BritBase"]
[Source "John Saunders"]
[SourceDate "2020.09.07"]
[SourceVersion "1"]
[SourceVersionDate "2020.09.07"]
[SourceQuality "2"]

1. e4 g6 2. d4 Bg7 3. c3 d6 4. f4 Nf6 5. Bd3 e5 6. Nf3 exd4 7. cxd4 O-O 8. O-O
Nc6 9. Nc3 Bg4 10. Be3 Re8 11. h3 Bf5 12. exf5 Rxe3 13. Qd2 Re8 14. fxg6 fxg6
15. f5 gxf5 16. Bxf5 d5 1/2-1/2

[Event "GBR-ch71"]
[Site "Brighton"]
[Date "1984.08.01"]
[Round "3"]
[White "Gallagher, Joseph G"]
[Black "Bellin, Robert"]
[Result "1/2-1/2"]
[WhiteElo "2295"]
[BlackElo "2370"]
[PlyCount "26"]
[EventDate "1984.07.30"]
[EventType "swiss"]
[EventRounds "11"]
[EventCountry "GBR"]
[SourceTitle "BritBase"]
[Source "John Saunders"]
[SourceDate "2020.09.07"]
[SourceVersion "1"]
[SourceVersionDate "2020.09.07"]
[SourceQuality "2"]

1. d4 Nf6 2. c4 e6 3. Nc3 Bb4 4. e3 O-O 5. Bd3 d5 6. Nf3 Nc6 7. O-O a6 8. Ne5
Nxe5 9. dxe5 dxc4 10. exf6 Qxd3 11. Qg4 Qg6 12. Qxc4 Bxc3 13. Qxc3 Qxf6 1/2-1/2

[Event "GBR-ch71"]
[Site "Brighton"]
[Date "1984.08.01"]
[Round "3"]
[White "Garwell, Jane"]
[Black "Dunnington, Angus J"]
[Result "1-0"]
[WhiteElo "2100"]
[BlackElo "2325"]
[PlyCount "81"]
[EventDate "1984.07.30"]
[EventType "swiss"]
[EventRounds "11"]
[EventCountry "GBR"]
[SourceTitle "BritBase"]
[Source "John Saunders"]
[SourceDate "2020.09.07"]
[SourceVersion "1"]
[SourceVersionDate "2020.09.07"]
[SourceQuality "2"]

1. d4 d5 2. Nc3 Nf6 3. Bg5 Bf5 4. f3 Bg6 5. e3 e6 6. Nh3 Be7 7. Nf4 Nh5 8. Bxe7
Qxe7 9. Nxh5 Bxh5 10. h4 f6 11. Qd2 Nd7 12. O-O-O a6 13. e4 dxe4 14. Nxe4 Bf7
15. Re1 Rd8 16. f4 O-O 17. Qe3 Rfe8 18. Bd3 Qb4 19. h5 f5 20. a3 Qb6 21. Nc5
Nf6 22. Be2 h6 23. Bf3 c6 24. Qe5 Qa7 25. Rhg1 b6 26. Nd3 Qd7 27. g4 fxg4 28.
Bxg4 Qxd4 29. Bf3 c5 30. Rg2 Qxe5 31. Nxe5 Rf8 32. Reg1 Ne8 33. Bc6 Bxh5 34.
Bxe8 Rfxe8 35. Rxg7+ Kh8 36. Ra7 Rg8 37. Re1 Rg7 38. Rxa6 Rb7 39. Rh1 Be8 40.
Rxh6+ Kg7 41. Rxe6 1-0

[Event "GBR-ch71"]
[Site "Brighton"]
[Date "1984.08.01"]
[Round "3"]
[White "Giulian, Philip Maurice"]
[Black "Lawton, Geoffrey W"]
[Result "0-1"]
[WhiteElo "2230"]
[BlackElo "2385"]
[PlyCount "75"]
[EventDate "1984.07.30"]
[EventType "swiss"]
[EventRounds "11"]
[EventCountry "GBR"]
[SourceTitle "BritBase"]
[Source "John Saunders"]
[SourceDate "2020.09.07"]
[SourceVersion "1"]
[SourceVersionDate "2020.09.07"]
[SourceQuality "2"]

1. d4 Nf6 2. c4 e6 3. Nc3 Bb4 4. e3 O-O 5. Nge2 d5 6. a3 Be7 7. cxd5 exd5 8. g3
c6 9. Bg2 Na6 10. O-O Nc7 11. h3 Nfe8 12. Nf4 Nd6 13. Nd3 Re8 14. f4 Bf8 15. g4
g6 16. Ne5 Bg7 17. Qf3 f6 18. Nd3 Ne4 19. Nf2 Nxc3 20. bxc3 Nb5 21. Bd2 Nd6 22.
Rfe1 Be6 23. Qd1 Bf8 24. e4 dxe4 25. Nxe4 Bd5 26. Nxd6 Qxd6 27. a4 Kf7 28. Rb1
b6 29. Rxe8 Rxe8 30. Qf1 c5 31. dxc5 Qxc5+ 32. Kh1 Rd8 33. g5 Qc6 34. Be1 Qxa4
35. gxf6 Qa2 36. Bxd5+ Rxd5 37. Bf2 Rd2 38. Bd4 {time} 0-1

[Event "GBR-ch71"]
[Site "Brighton"]
[Date "1984.08.01"]
[Round "3"]
[White "Granat, Russell"]
[Black "Needham, Teresa"]
[Result "1-0"]
[WhiteElo "2265"]
[BlackElo "2075"]
[PlyCount "129"]
[EventDate "1984.07.30"]
[EventType "swiss"]
[EventRounds "11"]
[EventCountry "GBR"]
[SourceTitle "BritBase"]
[Source "John Saunders"]
[SourceDate "2020.09.07"]
[SourceVersion "1"]
[SourceVersionDate "2020.09.07"]
[SourceQuality "2"]

1. e4 c5 2. Nf3 Nc6 3. c3 d5 4. exd5 Qxd5 5. d4 Nf6 6. Be3 cxd4 7. cxd4 e6 8.
Nc3 Bb4 9. Bd3 O-O 10. O-O Bxc3 11. bxc3 Bd7 12. Bg5 b5 13. Qb1 Rab8 14. Re1
Kh8 15. Ne5 b4 16. Qc1 Ng8 17. Be4 Qd6 18. Bf4 Nxe5 19. Bxe5 Qe7 20. Bxb8 Rxb8
21. c4 Qd6 22. Qe3 Rc8 23. c5 Qe7 24. Rac1 Nf6 25. Bf3 Bc6 26. Bxc6 Rxc6 27.
Qb3 a5 28. d5 Rxc5 29. Rxc5 Qxc5 30. dxe6 fxe6 31. Qxe6 h6 32. h3 a4 33. Re3
Qc1+ 34. Kh2 Qc7+ 35. Qe5 Qc4 36. Rf3 Qxa2 37. Qb8+ Kh7 38. Qxb4 Qc2 39. Qc3
Qxc3 40. Rxc3 Ne4 41. Rc2 Nd6 42. Ra2 Ne4 43. f3 Nc5 44. Rc2 Nd3 45. Rc3 Nb2
46. Ra3 g5 47. Ra2 Nd3 48. Rxa4 h5 49. Rd4 Ne5 50. h4 gxh4 51. Rd5 Ng6 52.
Rxh5+ Kg7 53. Rg5 Kf6 54. Rxg6+ Kxg6 55. Kh3 Kg5 56. f4+ Kh5 57. f5 Kg5 58. f6
Kg6 59. Kxh4 Kxf6 60. Kh5 Kf7 61. Kh6 Kf8 62. g4 Kf7 63. g5 Kg8 64. Kg6 Kf8 65.
Kh7 1-0